书目信息 |
| 题名: |
地壳应力状态
|
|
| 作者: | 裴伟 著 ;国家地震地质大队情报资料室 译 | |
| 分册: | ||
| 出版信息: | 北京 地震出版社 1978 |
|
| 页数: | 103页 | |
| 开本: | 26cm | |
| 丛书名: | ||
| 单 册: | ||
| 中图分类: | P313.3 | |
| 科图分类: | ||
| 主题词: | 地壳--物理性能 | |
| 电子资源: | ||
| ISBN: | ||
| 000 | 00780nam0 2200229 45 | |
| 001 | 0178005583 | |
| 005 | 20061122082429.42 | |
| 010 | @dCNY0.60 | |
| 091 | @a13180.42 | |
| 100 | @a19950726d1978 em y0chiy0121 ea | |
| 101 | 1 | @achi@crus |
| 102 | @aCN@b110000 | |
| 105 | @ay z 000yy | |
| 200 | 10 | @a地壳应力状态@Adi qiao ying li zhuang tai@dНапряженное состояние земной коры@f(苏)A·B·裴伟等著@F(Su)A·B·Pei Wei Deng Zhu@g国家地震地质大队情报资料室译 |
| 210 | @a北京@c地震出版社@d1978 | |
| 215 | @a103页@d26cm | |
| 606 | @a地壳@x物理性能 | |
| 690 | @aP313.3@v3 | |
| 701 | 0 | @a裴伟@4著 |
| 712 | 02 | @a国家地震地质大队情报资料室@Aguo jia di zhen di zhi da dui qing bao zi liao shi@4译 |
| 801 | 0 | @aCN@bNLC@c20061122 |
| 905 | @f1@b1244@dP313.3@e3 | |
| 地壳应力状态=Напряженное состояние земной коры/(苏)A·B·裴伟等著/国家地震地质大队情报资料室译.-北京:地震出版社,1978 |
| 103页;26cm |
| ISBN :CNY0.60 |
| ● |
| 相关链接 |
|
|
|
|
正题名:地壳应力状态
索取号:P313.3/3
 
预约/预借
| 序号 | 登录号 | 条形码 | 馆藏地/架位号 | 状态 | 备注 |
| 1 | 0001243 | 000626068 | 第二样本阅览室/ [索取号:P313.3/3] | 在馆 | |
| 2 | 0001244 | 000626077 | 第三借阅区/ [索取号:P313.3/3] | 在馆 |